|
|
|
|
| LEADER |
00000nab a2200000 a 4500 |
| 001 |
vtls000103652 |
| 003 |
SK-MaSNL |
| 005 |
20260311230006.0 |
| 008 |
160202c1981 xo 0 slo |
| 015 |
|
|
|a SNBRB19rr/mm-uuuuu
|
| 035 |
|
|
|a CL0113755
|
| 040 |
|
|
|a SNKBUCL
|b slo
|c SNKBUCL
|e AACR2
|
| 041 |
0 |
|
|a slo
|
| 044 |
|
|
|a xo
|c SK
|
| 080 |
|
|
|a 82.09:885.4-992(08)(048)
|2 1981
|
| 080 |
|
|
|a 885.4-992(08)(048)
|2 1981
|
| 080 |
|
|
|a 885.0-992(08)(048)
|2 1981
|
| 080 |
|
|
|a 882-992(08)(048)
|2 1981
|
| 100 |
1 |
|
|a Hujík, Viktor,
|d 1940-2006
|4 aut
|9 264739
|
| 245 |
1 |
0 |
|a Kniha pozoruhodných reportáží
|c Viktor Hujík
|
| 650 |
0 |
7 |
|a reportáže beletristické
|2 snkbucl
|9 932195
|
| 650 |
0 |
7 |
|a literatúra faktu
|2 snkbucl
|9 18459
|
| 650 |
0 |
7 |
|a sovietska literatúra
|2 snkbucl
|9 22300
|
| 651 |
|
7 |
|a Československo
|2 snkbucl
|9 21376
|
| 651 |
|
7 |
|a Sovietsky zväz
|2 snkbucl
|9 22126
|
| 655 |
|
7 |
|a články z novín a časopisov
|2 snkbucl
|9 267496
|
| 655 |
|
7 |
|a články z odboru literárna veda a krásna literatúra
|2 snkbucl
|9 770045
|
| 773 |
0 |
|
|t Nové knihy
|g Č. 37 (1981), s. 6
|
| 787 |
0 |
8 |
|i Rec.:
|t Bratstvo. (zborník)
|d Bratislava : Svornosť
|
| 850 |
|
|
|a Slovenská národná knižnica v Martine
|a MTA001
|
| 852 |
|
|
|a SNK
|b KIS3GCP
|
| 958 |
|
|
|a RK
|
| 958 |
|
|
|a CZ
|
| 958 |
|
|
|a LX
|
| 958 |
|
|
|a SK
|
| 992 |
|
|
|a RBX
|
| 999 |
|
|
|c 3296997
|d 3298927
|